| 000 | 01425nam2a2200301 4500 | ||
|---|---|---|---|
| 001 | rc\2855953 | ||
| 005 | 20260318165658.0 | ||
| 035 | _a(NLR Aleph) 007010549 | ||
| 090 |
_a13577315 _c13577315 |
||
| 100 | _a20110707d1927 u y0rusy50 ca | ||
| 101 | 0 | _arus | |
| 102 | _aRU | ||
| 105 | _aa z |||a| | ||
| 200 | 1 |
_aЗаписки ополченца _f[вводн. ст. Н.Н. Фатова и А.И. Ревякина] |
|
| 205 | _aИзд. 5-е | ||
| 210 | _d1927 | ||
| 215 | _a244 с., 1 л. фронт. | ||
| 300 | _aАвторы ввод. ст. указаны на общ. тит. л. | ||
| 461 | 0 |
_1001rc\2855951 _12001#$aСобрание сочинений$eв десяти томах$fНиколай Степной$gобложка: А.П. Кузьмин$vТ. 2 _1700#1$aСтепной$bН. А.$gНиколай Александрович$f1878-1947 _95809952 _aСтепной, Н. А. (1878-1947) _cМосква _d1927-1929 _fНиколай Степной _nиздательство ВОКП _oв десяти томах _tСобрание сочинений _vТ. 2 |
|
| 702 | 1 |
_aФатов _bН. Н. _f1887-1961 _gНиколай Николаевич _4080 |
|
| 702 | 1 |
_aРевякин _bА. И. _f1900-1983 _gАлександр Иванович _4080 |
|
| 801 | 0 |
_aRU _bNLR _gpsbo |
|
| 801 | 1 |
_aRU _bELAR _2rusmarc |
|
| 801 | 2 |
_aRU _bNLR _c20140220 _2rusmarc |
|
| 852 |
_aNLR _j49/413(2) |
||
| 942 | _cBOOK | ||
| 980 | _aNB | ||